000 01410cam a2200277 4500
001 ABS64151
008 010712n2001 000 0 eng u
035 _a(Sirsi) u113641
100 _aWhelan, H.
245 _aRandom access: pathways to accessible housing for wheelchair users
260 _c2001
490 _aAxis
_v56(3) June-July 2001, 14-15(2)
520 _aDiscusses a planning toolkit for accessible housing for wheelchair users, "Pathways to accessible housing", developed by the Papworth Trust and Habinteg Housing Association. Outlines the methodology of the toolkit, which will enable local authorities and their partners to assess the needs of wheelchair users and manage provision more effectively, and details some of the characteristics of the wheelchair user population and the current housing. "Pathways to accessible housing" is available in two parts, priced £15 and £30 respectively, Tel: 01480 357207 or 020 7822 8700; Fax: 01480 831580 or 020 7822 8701; Email: [email protected] or [email protected].
590 _aABS
650 _aDISABLED PEOPLE
650 _aHOUSING MANAGEMENT
650 _aHOUSING PROVISION
650 _aHOUSING TOOLKITS
650 _aPEOPLE WITH DISABILITIES
650 _aPLANNING TOOLKITS
650 _aSOCIAL HOUSING
650 _aWHEELCHAIR ACCESS
650 _aWHEELCHAIRS
690 _aAffordable housing
_96215
942 _n0
999 _c67716
_d67716